000 01188nam2a2200241 4500
001 RU\NLR\BIBL_A\010954136
005 20250810083444.0
035 _a(NLR Aleph) 010954136
090 _a13460611
_c13460611
100 _a20160120d2015 u y0rusy50 ca
101 0 _arus
102 _aRU
105 _aach z 001yy
200 0 _aТ. 3
210 _d2015
215 _a223 с.
_cил., цв. ил., портр., факс.
320 _aБиблиогр.: с. 220
320 _aАлф. указ. имен: с. 221
461 0 _1001RU\NLR\bibl\2058046
_12001#$aЖивая память$eжители муниципального округа № 21 о войне, блокаде, Победе$fМуницип. округ № 21, г. С.-Петербург$g[отв. ред. Мария Синькова]$vТ. 3
_94613590
_cСанкт-Петербург
_d2013
_fМуницип. округ N 21, г. С.-Петербург
_nМуниципальный округ N 21
_oжители муниципального округа № 21 о войне, блокаде, Победе
_tЖивая память
_vТ. 3
942 _cBOOK
980 _aNB